| 000 | 00631nam a22001937a 4500 | ||
|---|---|---|---|
| 005 | 20130923110942.0 | ||
| 010 | _aENG-108055 | ||
| 020 |
_c495.00 _a9788180388668 |
||
| 035 | _aEN-91588 | ||
| 037 | _bDBAD/PUB | ||
| 082 | _a343.540552 | ||
| 100 | _aRastogi, Abhishek A. | ||
| 245 | 0 | 0 |
_aPocket guide to service tax : _cby Abhishek A. Rastogi _bas amended by the Finance Act, 2013 / |
| 250 | _a2nd ed | ||
| 260 |
_aGurgaon _bLexis Nexis _c2013 |
||
| 270 |
_a14th Floor, Bldg. No.10, Tower-B, DLF Cyber City, Phase-II _bGurgaon _e122002 |
||
| 300 |
_axviii,889p. _c20cm(pbk) |
||
| 942 |
_2ddc _cEN _mRAS _h343.540552 |
||
| 999 |
_c77982 _d77982 |
||